| 000 | 00384nam a22001457a 4500 | ||
|---|---|---|---|
| 003 | MACL, | ||
| 005 | 20200222164318.0 | ||
| 008 | 200222b xxu||||| |||| 00| 0 eng d | ||
| 040 | _cMACL, | ||
| 100 |
_aMishra, Braj Kumar _978377 |
||
| 245 | _aPsychology : The Study of Human Behaviour | ||
| 260 |
_aDelhi _bPHI Learing _c2018 |
||
| 650 |
_aPsychology _978378 |
||
| 942 |
_2ddc _cBK |
||
| 999 |
_c62197 _d62197 |
||